000 00597nam a2200193Ia 4500
005 20250508164754.0
008 008 250505s9999 xx 000 0 eng d
037 _aReference
040 _aFEDL
_beng
_cFEDL
041 _aeng
_2eng
084 _a001.42, GRE/RR
_qFEDL
100 _aGreen Judith L and others Ed.
_9779128
245 0 _aHandbook of complementary methods in education research
260 _aLondon, UK
_bLawrence Erlbaum Associates Publishers
_c2006
300 _axxix,865p.
365 _aGBP
_b65
942 _cREF
_h001.42, GRE/RR
999 _c1391048
_d1391048